[Event "Bengaluru Karnataka op"]
[Site "Bengaluru"]
[Date "2018.04.15"]
[Round "3"]
[White "Stany, George Anthony"]
[Black "Aswat, Narayanan R"]
[Result "1-0"]
[WhiteElo "2493"]
[BlackElo "1356"]
[PlyCount "83"]
[EventDate "2018.04.14"]
[EventType "swiss"]
[EventRounds "10"]
[EventCountry "IND"]
[SourceTitle "CBM 184 Extra"]
[Source "ChessBase"]
[SourceDate "2018.06.28"]
[SourceVersion "1"]
[SourceVersionDate "2018.06.28"]
[SourceQuality "1"]

1. e4 c5 2. Nf3 Nc6 3. Bb5 a6 4. Bxc6 bxc6 5. 0-0 d6 6. h3 e5 7. c3 Nf6 8. Re1 Be7 9. d4 cxd4 10. cxd4 exd4 11. Nxd4 Qc7 12. Nc3 0-0 13. Bg5 h6 14. Bh4 c5 15. Bxf6 Bxf6 16. Nd5 Qd8 17. Nc6 Qd7 18. Nxf6+ gxf6 19. Na5 Kh7 20. Nc4 Rg8 21. Re3 Qb7 22. Qc2 Be6 23. Nxd6 Qc6 24. f4 Rg7 25. e5+ f5 26. Nxf5 Bxf5 27. Qxf5+ Kh8 28. Qe4 Qc8 29. f5 Rb8 30. b3 Rb4 31. Qf3 Rd4 32. Rae1 Rd2 33. R3e2 Qd8 34. Kh2 Qd4 35. Rxd2 Qxd2 36. Re2 Qd4 37. Qe3 Qh4 38. Rc2 Qh5 39. Qf4 Kh7 40. Rd2 Rg5 41. g4 Qh4 42. Qg3 1-0